| 000 | 01158cam a22002891i 4500 | ||
|---|---|---|---|
| 003 | SA-RiAUC | ||
| 005 | 20250626080749.0 | ||
| 008 | 250603s2013 su g b 00010 ara c | ||
| 020 | _a9786038138021 | ||
| 040 |
_aSA-MaUQU _bara _cSA-RiAUC. _erda |
||
| 043 | _af-mr--- | ||
| 082 | 0 | 4 |
_a303.4850964 _qSA-RiAUC |
| 090 |
_a303.4850964 ب ي ا _bب ي ا |
||
| 100 | 1 |
_aالبياض، عبد الهادي _eمؤلف. |
|
| 245 | 1 | 0 |
_aأثر الكوارث الطبيعية في المجال الاقتصادي بالمغرب والأندلس / _cتأليف عبد الهادي البياض. |
| 264 | 1 |
_aالرياض : _bالمجلة العربية، _c2013 |
|
| 300 |
_a155 صفحة ؛ _c22 سم. |
||
| 336 |
_aنص _btxt _2rdacontent _3كتاب |
||
| 337 |
_aبدون وسيط _bn _2rdamedia |
||
| 338 |
_aمجلد _bnc _2rdacarrier |
||
| 490 | 0 |
_aكتاب المجلة العربية ؛ _v200 |
|
| 504 | _aببليوجرافية : صفحة 148-155. | ||
| 651 | 7 |
_aالمغرب _xأحوال اقتصادية _2aucsh |
|
| 651 | 7 |
_aالأندلس _xأحوال اقتصادية _2aucsh |
|
| 942 |
_2ddc _cBOOK _n0 |
||
| 949 |
_aSA-JeALM _d250603 _umohamedma123 _n1 |
||
| 999 |
_c9213 _d9213 |
||